| 000 | 00733nam a22002412a 4500 | ||
|---|---|---|---|
| 001 | 76914 | ||
| 003 | BD-RjUL | ||
| 005 | 20211209082914.0 | ||
| 008 | 200205s1950 enk 000 0beng d | ||
| 035 | _aOCLC ocm07442238 from D950418M | ||
| 035 | _a(BD-RjUL)77138 | ||
| 040 |
_aPLF _cPLF _dEQO _dBD-RjUL _beng |
||
| 041 | _aeng | ||
| 082 |
_223 _a813.52 _bBUF 1950 |
||
| 100 | 1 |
_aBuck, Pearl S. _q(Pearl Sydenstricker), _d1892-1973. _9238873 |
|
| 245 | 1 | 0 |
_aFighting angel : _bportrait of a soul / _cby Pearl S. Buck. |
| 250 | _a5th ed. | ||
| 260 |
_aLondon : _bMethuen & Co., _cc1950 |
||
| 300 |
_a273 pages; _c19 cm. |
||
| 600 | 1 | 0 |
_aSydenstricker, Absalom, _d1852-1931 _9238876 |
| 650 | 0 |
_aMissions _zChina _9238875 |
|
| 942 |
_2ddc _cBK |
||
| 999 |
_c76914 _d76914 |
||